=LDR 00000nam 2200000 4500 =001 INLIS000000000054630 =005 20200218083142 =035 ##$$a 0010-0220000192 =007 ta =008 200218###########################0#ind## =020 ##$$a 978-602-7820-53-1 =082 ##$$a 297.11 =084 ##$$a 297.11 Abd a =245 1#$$a Ayat-ayat Sukses /$c Abdullah Hadrani =300 ##$$a 108 halaman ; $c 20 Cm. =650 #4$$a Ulumul Qur'an =700 #$$a Penyunting, Muhammad Sidiq =264 ##$$a Yogyakarta :$b Pro-U-Media,$c 2016 =336 ##$$a teks$2 rdacontent =337 ##$$a lain-lain$2 rdamedia =338 ##$$a lain-lain$2 rdacarrier =990 ##$$a 10611061 =990 ##$$a 10611061